|
|
|
|
| LEADER |
00000nab a2200000 a 4500 |
| 001 |
vtls008932733 |
| 003 |
SK-MaSNL |
| 005 |
20260305001320.0 |
| 008 |
050513 19770201xo d 000 0 slo |
| 015 |
|
|
|a SNBRB1977
|
| 040 |
|
|
|a SNKBUCL
|b slo
|c SNKBUCL
|e AACR2
|
| 041 |
0 |
|
|a slo
|
| 044 |
|
|
|a xo
|c SK
|
| 080 |
|
|
|a 329.15(47+57)
|2 2001
|
| 080 |
|
|
|a 94(47+57)"1917"
|2 2001
|
| 245 |
0 |
0 |
|a Uznesenie ústredného výboru KSSZ k 60. výročiu Veľkej októbrovej socialistickej revolúcie
|
| 610 |
2 |
7 |
|a Kommunističeskaja partija Sovetskogo Sojuza
|2 snkbucl
|9 50548
|
| 648 |
|
7 |
|a 1977
|2 snkbucl
|9 336325
|
| 650 |
0 |
7 |
|a októbrová revolúcia (1917 : Rusko)
|2 snkbucl
|9 164524
|
| 655 |
|
7 |
|a uznesenia
|2 snkbucl
|9 70216
|
| 773 |
0 |
|
|t Pravda
|g (1.2.1977), s. 1 a 7
|
| 999 |
|
|
|c 3218697
|d 3220627
|